000 01436cam a2200397 a 4500
001 9345
003 FISKH
005 20260106084830.0
008 100405s2011 flua j b 001 0 eng
010 _a 2010012384
020 _a9781615902477
_qalk. paper
020 _a1615902473
_qalk. paper
020 _a9781615904877
_qpbk.
020 _a9781615904877
020 _a1615904875
_qpbk.
035 _a16172249
040 _aDLC
_cDLC
_dDLC
_beng
050 0 0 _aSF459.R3
_bA76 2011
082 0 0 _a636.935/2
_222
100 1 _aArmentrout, David,
_d1962-
245 1 4 _aThe facts on rats /
_cDavid and Patricia Armentrout.
260 _aVero Beach :
_bRourke,
_c2011.
300 _a24 pages :
_bcolor illustrations ;
_c20 x 26 cm.
490 1 _aLet's talk about pets
504 _aIncludes bibliographical references (p. 24) and index.
505 0 _aFancy rats -- Know your rats -- The perfect cage -- Chew, gnaw, and shred -- Pet rat diet -- Health concerns -- Beyond the basics.
520 _aThe perfect introduction to being a pet owner for the child ready to get a rat.
650 0 _aRats as pets
_vJuvenile literature.
650 1 _aRats as pets.
655 7 _aLiterature.
_2lcgft
_0https://id.loc.gov/authorities/genreForms/gf2014026415
700 1 _aArmentrout, Patricia,
_d1960-
830 0 _aLet's talk about pets
906 _a7
_bcbc
_corignew
_d1
_eecip
_f20
_gy-gencatlg
942 _2ddc
_cBK
_n0
999 _c9345
_d9345